000 01046nam0a22002771 4500
001 v19\rc\1330822
005 20060512113524.9
035 _a(NLR Aleph) 004482038
090 _a4609990
_c4609990
100 _a20060512d1857 |||y0rusy50 ca
101 0 _arus
102 _aRU
105 _aa z |||||
200 1 _aЗаписки по церковному законоведению
205 _a2-е изд., испр.
210 _aКиев
_cУнив. тип.
_d1857
215 _a[2], 8, 279 с., 1 л. табл.
_d21
300 _aАвт. установлен по изд.: Брокгауз и Ефрон. Энциклопедич. словарь. Т. 30; Каталог русских книг Б-ки Имп. С.-Петерб. у-та. Спб., 1897. Т. 1. С. 827
700 1 _aСкворцов
_bИ. М.
_f1795-1863
_gИван Михайлович
801 0 _aRU
_bNLR
_gpsbo
801 0 _aRU
_bRuMoRGB
_2psbo
801 1 _aRU
_bProSoft-M
_2rusmarc
852 _aNLR
_j18.116.3.42
899 _aНБ МГУ
942 _cBOOK
980 _aNB